| 000 | 00756nam a2200193 i 4500 | ||
|---|---|---|---|
| 001 | 34584 | ||
| 003 | ES-MaACL | ||
| 005 | 20250921063023.0 | ||
| 007 | t| | ||
| 008 | 030207s1964 sp ||||1| spa d | ||
| 100 | 1 |
_aBlázquez, José María, _d1926- _9141915 |
|
| 245 | 1 | 0 |
_aEstructura económica y social de Hispania durante la anarquía militar y el Bajo Imperio / _cJ. M. Blázquez. |
| 260 |
_aMadrid : _bFacultad de Filosofía y Letras de la Universidad Central, _c1964. |
||
| 300 |
_aVII, 206 p. ; _c21 cm. |
||
| 490 | 1 |
_aCuadernos de la Cátedra de Historia Antigua de España ; _v1 |
|
| 830 | 0 |
_aCuadernos de la Cátedra de Historia Antigua de España ; _v1 _9229502 |
|
| 852 |
_aES-MaACL _jB-2089 _bR.62739 |
||
| 999 |
_c34584 _d34584 |
||